000 00799nam a2200253 i 4500
001 000029718
003 DO-SdBNP
005 20250430114235.0
007 ta
008 110425s1991 dr 000 f spa d
040 _aDO-SdBNP
_bspa
_cBNPHU
_erda
082 _axxx
_bL431t
_222
245 0 1 _aLazarillo de Tormes /
_canónimo ; editado bajo el cuidado de Mario Guzmán Tejada.
264 _aSanto Domingo;
_bCENAPEC,
_c[1991].
300 _aiv, 59 páginas
_c22 cm.
336 _atexto
_btxt
_2rdacontent
337 _asin mediación
_bn
_2rdamedia
338 _avolumen
_bnc
_2rdacarrier
490 1 _aBiblioteca económica de obras maestras CENAPEC
_v9
590 _aInventariado, 2025/ Yl
700 1 _aGuzmán Tejada, Mario
_eedición
_956506
_4ed.
910 _aYLockward
942 _2ddc
_cLBS1
999 _c29210
_d29210